Games /

Bibliographic Details
Main Author: Bancroft, Jessie Hubbell, 1867-
Format: Book
Language:English
Published: New York : The Macmillan company, 1937.
Edition:Rev. and enl. ed. of Games for the playground, home, school and gymnasium.
Subjects:

MARC

Tag First Indicator Second Indicator Subfields
LEADER 00000cam a22000001 4500
001 in00000087958
005 20151008064930.0
008 740212s1937 nyuaf 00010 eng
010 |a  38027002  
035 |a (OCoLC)00492382 
035 |9 AAK5057AM 
040 |a DLC  |c DLC  |d TXA  |d UtOrBLW 
049 |a TXAM  |c 1 [905596], 2 [246846], 3 [246847] 
050 0 4 |a GV1203  |b .B27 1937 
082 0 |a 796 
100 1 |a Bancroft, Jessie Hubbell,  |d 1867- 
245 1 0 |a Games /  |c by Jessie H. Bancroft. 
250 |a Rev. and enl. ed. of Games for the playground, home, school and gymnasium. 
264 1 |a New York :  |b The Macmillan company,  |c 1937. 
300 |a ix, 685 pages :  |b frontispiece, illustrations, plates, diagrams ;  |c 21 cm. 
336 |a text  |b txt  |2 rdacontent 
337 |a unmediated  |b n  |2 rdamedia 
338 |a volume  |b nc  |2 rdacarrier 
500 |a Includes songs with music. 
650 0 |a Games. 
999 |a MARS 
999 f f |s d02b1ff4-574f-3de2-beff-1cc8da9ca1ac  |i 3b298988-35cc-39d9-a0a2-4d389275aaae  |t 0 
952 f f |p ric  |a Texas A&M University  |b Rellis Campus  |c Joint Library Facility  |s JLF  |d Remote Storage  |t 0  |e GV1203 .B27 1937  |h Library of Congress classification  |i unmediated -- volume  |m A14802487734 
998 f f |a GV1203 .B27 1937  |t 0  |l Remote Storage